Billie Eilish - BITTERSUITE Lyrics - Statistics

General Stats
  • This quiz has been taken 117 times
  • The average score is 232 of 287
Answer Stats
Answer % Correct
can
100%
can't
100%
Can't
100%
(can't
100%
I
100%
in
100%
In
100%
(in
100%
love
100%
Love
100%
with
100%
you
100%
You
100%
fall
98%
a
96%
be
96%
to
94%
when
94%
my
93%
No
93%
the
93%
We
93%
it
91%
all
89%
been
89%
I've
89%
on
89%
see
89%
so
89%
(so
89%
want
89%
what
89%
don't
87%
dreams
87%
how
87%
is
87%
me
87%
were
87%
we're
87%
But
85%
ma
85%
overseas
85%
say
85%
look
83%
And
81%
at
81%
I'm
81%
matter
81%
was
81%
gotta
80%
Gotta
80%
knees
80%
of
80%
that
80%
watch
80%
careful
78%
'Cause
78%
havin'
78%
It's
78%
need
78%
seem
78%
away
76%
bad
76%
green
76%
paranoid
74%
feet
72%
foyer
72%
goes
72%
hope
72%
looking
72%
one
72%
wanna
72%
breath
70%
never
70%
Out
70%
think
70%
boys
69%
for
69%
For
69%
oh
69%
way
69%
week
69%
(ah)
67%
Ah-oh
67%
from
67%
God
67%
If
67%
Keep
67%
once
67%
seen
67%
suite
67%
suite)
67%
That's
67%
this
67%
alright
65%
between
65%
bittersweet
65%
die
65%
I'll
65%
void
65%
body
63%
everything
63%
have
63%
Have
63%
off
63%
spite
63%
up
63%
door
61%
Outside
61%
above
59%
de
59%
filled
59%
sleep
59%
sleep)
59%
still
59%
L'amour
57%
Open
57%
Watchin'
57%
brief
56%
brief)
56%
romanticized
56%
vie
56%
uh
54%
beliefs
50%
land
50%
paralyzed
50%
wait
50%
Mm
46%
mm
46%
underneath
44%
stayin'
37%
discrete
31%
No matching quizzes found
Score Distribution
Percent of People with Each Score
Percentile by Number Answered
Your Score History
You have not taken this quiz